Formula 1: Most Points Per Team - Benetton - Statistics

General Stats
  • This quiz has been taken 258 times
  • The average score is 10 of 14
Answer Stats
Points Driver Nationality Seasons on Benetton % Correct
303 Michael Schumacher Germany 1991-1995
100%
65 Gerhard Berger Austria 1986, 1996-1997
91%
10 Jos Verstappen Netherlands 1994
91%
70.5 Nelson Piquet Brazil 1990-1991
89%
83 Jean Alesi France 1996-1997
88%
20 Riccardo Patrese Italy 1993
82%
55 Giancarlo Fisichella Italy 1998-2001
81%
26 Alexander Wurz Austria 1997-2000
77%
43 Thierry Boutsen Belgium 1987-1988
77%
50 Johnny Herbert UK 1989, 1994-1995
73%
38 Martin Brundle UK 1992
63%
65 Alessandro Nannini Italy 1988-1990
54%
14 Roberto Moreno Brazil 1990-1991
44%
14 Teo Fabi Italy 1986-1987
36%
No matching quizzes found
Score Distribution
Percent of People with Each Score
Percentile by Number Answered
Your Score History
You have not taken this quiz